<?xml version="1.0" encoding="UTF-8"?>
<collection xmlns="http://www.loc.gov/MARC21/slim">
 <record>
  <leader>00723nam a22002175a 4500</leader>
  <controlfield tag="001">EHU.bham052030</controlfield>
  <controlfield tag="008">240409s2023##################000#0#####d</controlfield>
  <controlfield tag="005">20240409091824.0</controlfield>
  <datafield tag="245" ind1="1" ind2="0">
   <subfield code="a">El carro de la vida :</subfield>
   <subfield code="b">texto homenaje /</subfield>
   <subfield code="c">Jorge Alessandro ; pról. de Matías Facundo Moreno.</subfield>
  </datafield>
  <datafield tag="250" ind1=" " ind2=" ">
   <subfield code="a">4a ed.</subfield>
  </datafield>
  <datafield tag="260" ind1=" " ind2=" ">
   <subfield code="a">La Plata :</subfield>
   <subfield code="b">MEVEJU,</subfield>
   <subfield code="c">2023.</subfield>
  </datafield>
  <datafield tag="300" ind1=" " ind2=" ">
   <subfield code="a">107 p.</subfield>
  </datafield>
  <datafield tag="490" ind1="1" ind2=" ">
   <subfield code="a">Narrativas de la Memoria ;</subfield>
   <subfield code="v">1</subfield>
  </datafield>
  <datafield tag="020" ind1=" " ind2=" ">
   <subfield code="a">9786319000948</subfield>
  </datafield>
  <datafield tag="100" ind1="1" ind2=" ">
   <subfield code="a">Alessandro, Jorge</subfield>
  </datafield>
  <datafield tag="700" ind1="1" ind2=" ">
   <subfield code="a">Moreno, Matías Facundo, pról.</subfield>
  </datafield>
  <datafield tag="082" ind1="A" ind2="8">
   <subfield code="a">A863.5 AL25-1</subfield>
  </datafield>
  <datafield tag="653" ind1=" " ind2=" ">
   <subfield code="a">Literatura argentina-2000-</subfield>
  </datafield>
  <datafield tag="653" ind1=" " ind2=" ">
   <subfield code="a">Dictadura argentina-1976-1983</subfield>
  </datafield>
  <datafield tag="653" ind1=" " ind2=" ">
   <subfield code="a">Derechos humanos</subfield>
  </datafield>
  <datafield tag="859" ind1=" " ind2=" ">
   <subfield code="a">AR-BHAM</subfield>
   <subfield code="b">BIB. HUMANIDADES - General</subfield>
   <subfield code="h">A863.5</subfield>
   <subfield code="i">AL25-1</subfield>
   <subfield code="p">177.24</subfield>
   <subfield code="t">1</subfield>
  </datafield>
 </record>
</collection>
